Shameless /
Lady Elizabeth, the youngest and most headstrong of the three Banning sisters, has been engaged three times, and has most scandalously broken off all three engagements. Neil Severin is a wicked rogue, black of heart and black of reputation. A man of no morals, devoid of compassion, he is a governmen...
| Main Author: | |
|---|---|
| Corporate Author: | |
| Other Authors: | |
| Format: | CD Audio Book |
| Language: | English |
| Published: |
Grand Haven, Mich. :
Brilliance Audio,
[2010]
|
| Edition: | Unabridged. |
| Series: | Robards, Karen. Banning sisters trilogy ;
3. Brilliance Audio on compact disc. |
| Subjects: |
MARC
| Tag | First Indicator | Second Indicator | Subfields |
|---|---|---|---|
| LEADER | 00000cim a2200000Ia 4500 | ||
| 001 | in00002594666 | ||
| 005 | 20151201120031.0 | ||
| 007 | sd fungnnmmneu | ||
| 008 | 100330s2010 miu nne f n eng d | ||
| 020 | |a 9781441864215 (set) | ||
| 020 | |a 1441864210 (set) | ||
| 035 | |a (OCoLC)ocn587734479 | ||
| 035 | |a (OCoLC)587734479 | ||
| 040 | |a VPW |c VPW |d UtOrBLW | ||
| 049 | |a TXAM | ||
| 090 | |a PS3568.O196 |b S523 2010b | ||
| 092 | |a [Fic] | ||
| 100 | 1 | |a Robards, Karen. | |
| 245 | 1 | 0 | |a Shameless / |c Karen Robards. |
| 250 | |a Unabridged. | ||
| 264 | 1 | |a Grand Haven, Mich. : |b Brilliance Audio, |c [2010] | |
| 264 | 4 | |c ℗2010 | |
| 300 | |a 11 sound discs (13 hr.) : |b digital ; |c 4 3/4 in. | ||
| 336 | |a spoken word |b spw |2 rdacontent | ||
| 337 | |a audio |b s |2 rdamedia | ||
| 338 | |a audio disc |b sd |2 rdacarrier | ||
| 490 | 1 | |a Banning sisters ; |v 3 | |
| 490 | 1 | |a Brilliance Audio on compact disc | |
| 511 | 0 | |a Performed by Rosalyn Landor. | |
| 500 | |a Compact discs. | ||
| 520 | |a Lady Elizabeth, the youngest and most headstrong of the three Banning sisters, has been engaged three times, and has most scandalously broken off all three engagements. Neil Severin is a wicked rogue, black of heart and black of reputation. A man of no morals, devoid of compassion, he is a government-sanctioned assassin. When circumstances most unexpectedly throw the two together, Beth's life is in danger and Neil finds himself in the unexpected role of hero, racing to save her before it's too late. | ||
| 500 | |a Sound recording. | ||
| 650 | 0 | |a Sisters |v Fiction. | |
| 650 | 0 | |a Regency fiction. | |
| 650 | 0 | |a Romantic suspense fiction. | |
| 655 | 7 | |a Audiobooks. |2 lcgft | |
| 700 | 1 | |a Landor, Rosalyn, |e narrator. | |
| 710 | 2 | |a Brilliance Audio (Firm) | |
| 800 | 1 | |a Robards, Karen. |t Banning sisters trilogy ; |v 3. | |
| 830 | 0 | |a Brilliance Audio on compact disc. | |
| 948 | |a cataloged |b h |c 2010/5/26 |d c |e ceaton |f 11:36:54 am | ||
| 994 | |a C0 |b TXA | ||
| 999 | |a MARS | ||
| 999 | f | f | |s b4e5f8e6-377f-3477-bf9d-f6d0bc78b836 |i a1a13852-a0ce-341b-a45a-20c11f7b680f |t 0 |
| 952 | f | f | |p ric |a Texas A&M University |b Rellis Campus |c Joint Library Facility |d Remote Storage |t 0 |e PS3568.O196 S523 2010b |h Library of Congress classification |i audio -- audio disc |m A14839157768 |
| 998 | f | f | |a PS3568.O196 S523 2010b |t 0 |l Remote Storage |